000 00849cam a22002411 4500
001 med48001577
003 DLC
005 20260227111611.0
008 790120s1948 nyub b 001 0 eng c
010 _amed48001577
035 _a(OCoLC)4568063
040 _aU.S. Army Medical Libr.
_cInU-D
_dInU-D
_dDLC
042 _apremarc
050 0 0 _aRK57
_b.G3
060 _aWU 18.8 G162c 1948
082 _a617.0076
100 1 _aGallagher, Walter Neal,
_d1911-
245 1 0 _aComplete dental review,
_ba general review for the practicing dentist and dental student preparing for examination.
260 _aBrooklyn,
_bDental Items of Interest Pub. Co.,
_aGreat Britain,
_bHenry Kimpton's Medical Publishing House,
_c1948.
300 _axii, 431 p.
_c25 cm.
504 _a"References" : p. 391-395.
650 0 _aDentistry
_xExaminations, questions, etc.
999 _c39050
_d39050